|
|
|
|
| LEADER |
00000nab a2200000 a 4500 |
| 001 |
vtls000517964 |
| 003 |
SK-MaSNL |
| 005 |
20260303191800.0 |
| 008 |
160201c1993 xo 0 cze |
| 015 |
|
|
|a SNBRA19rr/mm-uuuuu
|
| 035 |
|
|
|a CL0518102
|
| 040 |
|
|
|a SNKBUCL
|b slo
|c SNKBUCL
|e AACR2
|
| 041 |
0 |
|
|a cze
|
| 044 |
|
|
|a xo
|c SK
|
| 080 |
|
|
|a 621.891:531.43:532.516
|2 1981
|
| 080 |
|
|
|a 531.43
|2 1981
|
| 080 |
|
|
|a 532.516
|2 1981
|
| 100 |
1 |
|
|a Hartl, Martin
|4 aut
|9 784462
|
| 245 |
1 |
0 |
|a Trakce v elastohydrodynamicky mazaných bodových kontaktech
|c Martin Hartl, Ivan Křupka
|
| 300 |
|
|
|b Graf 1, obr. 1, sch. 1
|
| 650 |
0 |
7 |
|a elastohydrodynamické mazanie
|2 snkbucl
|9 1221565
|
| 650 |
0 |
7 |
|a elastohydrodynamické kontakty
|2 snkbucl
|9 1221566
|
| 655 |
|
7 |
|a články zo zborníkov
|2 snkbucl
|9 166140
|
| 700 |
1 |
|
|a Křupka, Ivan
|4 aut
|9 712607
|
| 773 |
0 |
|
|t Zborník referátov 34. konferencie katedier častí a mechanizmov strojov v ČR a SR
|d Zvolen : Technická univerzita, 1993
|g S. 49-52
|z 8022802441
|
| 850 |
|
|
|a Slovenská národná knižnica v Martine
|a MTA001
|
| 852 |
|
|
|a SNK
|b KIS3GCP
|
| 958 |
|
|
|a RK
|
| 958 |
|
|
|a CZ
|
| 992 |
|
|
|a RZB
|
| 999 |
|
|
|c 2142821
|d 2144751
|